| 000 | 00582nam 22002053 4500 | ||
|---|---|---|---|
| 001 | 199460 | ||
| 010 | _a978-989-582-060-3 | ||
| 021 | _b545563/25 | ||
| 090 | _a199460 | ||
| 100 | _a20251209d u||y0pory50 ba | ||
| 200 |
_aMudar de ideias _fJulian Barnes _gtradução de Salvato Teles de Menezes |
||
| 205 | _a1ª | ||
| 210 |
_aLisboa _cQuetzal Editores _d2025 |
||
| 215 |
_a122 p. _cencadernado _d20 cm |
||
| 606 |
_917 _aLiteratura Inglesa |
||
| 675 |
_a821.111-3 _vPT _zpor |
||
| 700 |
_998 _aBarnes _bJulian _f1946- |
||
| 801 |
_aPT _bBMMN _gRPC |
||
| 830 |
_cFernando _fFernando |
||
| 990 | _cLIVROS | ||